000 01110nam a22003377a 4500
003 CHAP
005 20220817042214.0
008 971013s1975 r 00010 d
010 _a37615
011 _a38587
035 _a42707
040 _cCHAP
090 _aFolleto 4903
100 0 0 _aPatiño Navarrete, Angel.
_986180
245 _aCultivo y aprovechamiento de la jamaica
260 _aChapingo, Méx. :
_bDirección de Extensión Agrícola,
_c(1975)
300 _a10 p.
_b: ilus.
500 _ac.2-3 en fotocopias
500 _ac.4 en bodega
590 _aBATCH-UPD
_b10
_c20130110
_lUCH01
_h1344
590 _aBATCH-UPD
_b10
_c20130410
_lUCH01
_h0844
590 _aBATCH-UPD
_b10
_c20130914
_lUCH01
_h1701
590 _aCONVERSION
_b10
_c20130109
_lUCH01
_h1321
650 1 4 _aJamaica.
_960987
710 0 _aMéxico. Dirección General de Extensión Agrícola.
901 _aBK
942 _cFOLL
949 _aFolleto 4903
_bBC
_cFOLL
_d-98195
_eTS1
_i42707
_mD
_si
949 _aFolleto 4903
_bBC
_cFOLL
_d-98196
_eTS2
_fc.2
_i42707
_mD
_si
949 _aFolleto 4903
_bBC
_cFOLL
_d-98197
_eTS2
_fc.3
_i42707
_mD
_si
999 _c37615
_d37615